Cestou prehlbovania spolupráce

Bibliographic Details
Format: Article
Language:Slovak
Subjects:

MARC

LEADER 00000nab a2200000 a 4500
001 vtls000249003
003 SK-MaSNL
005 20260318124102.0
008 111130c1986 xo 0 slo
015 |a SNBRB19rr/mm-uuuuu 
035 |a CL0259117 
040 |a SNKBUCL  |b slo  |c SNKBUCL  |e AACR2 
041 0 |a slo 
044 |a xo  |c SK 
080 |a 327(437:55)  |2 1981 
080 |a 327(100-19)(55:437)  |2 1981 
245 0 0 |a Cestou prehlbovania spolupráce 
500 |a Fot. 1. 
650 0 7 |a ČSSR  |2 snkbucl  |9 335647 
651 7 |a Irán  |2 snkbucl  |9 21370 
655 7 |a články z novín a časopisov  |2 snkbucl  |9 267496 
773 0 |t Pravda  |g Roč. 67, č. 148 (26. 6. 1986), s. 1 a 2 
850 |a Slovenská národná knižnica v Martine  |a MTA001 
852 |a SNK  |b KIS3GCP 
958 |a RK 
992 |a RBX 
999 |c 2723708  |d 2725638